| 000 | 00637nam a2200241Ia 4500 | ||
|---|---|---|---|
| 001 | 3869 | ||
| 003 | GE_BSU | ||
| 008 | 181216s||||||||xx |||||||||||||| ||und|| | ||
| 040 | _cGE_BSU | ||
| 080 | _a628.1(075.32) | ||
| 100 | _aНиколадзе,Г.И | ||
| 245 | _aВодоснабжение. | ||
| 245 | _bУчебник. | ||
| 245 | _cРед. Н.А.Хаустова. | ||
| 250 | _a2-е изд. перераб.и допол. | ||
| 260 | _aМ. | ||
| 260 | _bСтроийздат. | ||
| 260 | _c1979. | ||
| 300 | _a238 стр. 27см. с илл. | ||
| 300 | _eТабл. | ||
| 653 | _aВодоснабжение. | ||
| 942 | _cBK | ||
| 999 |
_c37891 _d37891 |
||